Bản lĩnh Kỷ Hiểu Lam = Kỷ Hiểu Lam, phong lưu tài tử, lưỡng triều quyền thần

Đã lưu trong:
书目详细资料
主要作者: Lý, Kiến Lương
格式: 图书
语言:Undetermined
出版: Hà Nội Văn hóa Thông tin 2003
主题:
标签: 添加标签
没有标签, 成为第一个标记此记录!
Thư viện lưu trữ: Trung tâm Học liệu Trường Đại học Cần Thơ
LEADER 00699nam a2200205Ia 4500
001 CTU_60377
008 210402s9999 xx 000 0 und d
020 |b 65000 
082 |a 895.13081 
082 |b L561 
100 |a Lý, Kiến Lương 
245 0 |a Bản lĩnh Kỷ Hiểu Lam = 
245 0 |b Kỷ Hiểu Lam, phong lưu tài tử, lưỡng triều quyền thần 
245 0 |c Lý Kiến Lương; Nguyễn Tôn Nhan biên dịch 
260 |a Hà Nội 
260 |b Văn hóa Thông tin 
260 |c 2003 
650 |a Historical fiction, chinese ( vietnamese ) 
904 |i Minh, Năm 
980 |a Trung tâm Học liệu Trường Đại học Cần Thơ